Library of the University of Algiers 3
Ibrahim Sultan Cheibout
شعار جامعة الجزائر 3
مكتبة جامعة الجزائر 3
إبراهيم سلطان شيبوط

إدارة الجودة الشاملة : (رقم التسجيلة. 45682)

تفاصيل مارك
000 -LEADER
fixed length control field 01403nam a2200241Ia 4500
003 - CONTROL NUMBER IDENTIFIER
control field Ost
005 - DATE AND TIME OF LATEST TRANSACTION
control field 20260507075655.0
008 - FIXED-LENGTH DATA ELEMENTS--GENERAL INFORMATION
fixed length control field 260507s9999||||xx |||||||||||||| ||und||
020 ## - INTERNATIONAL STANDARD BOOK NUMBER
International Standard Book Number 9957114948
040 ## - CATALOGING SOURCE
Transcribing agency fsecg
041 ## - LANGUAGE CODE
Language code of text/sound track or separate title ara
082 ## - DEWEY DECIMAL CLASSIFICATION NUMBER
Classification number 658.56
100 ## - MAIN ENTRY--PERSONAL NAME
Personal name جودة، محفوظ أحمد
Relator term مؤلف
245 #0 - TITLE STATEMENT
Title إدارة الجودة الشاملة :
Remainder of title مفاهيم وتطبيقات /
Statement of responsibility, etc. محفوظ أحمد جودة
260 ## - PUBLICATION, DISTRIBUTION, ETC.
Place of publication, distribution, etc. عمان:
Name of publisher, distributor, etc. دار وائل للنشر والتوزيع,
Date of publication, distribution, etc. 2004
300 ## - PHYSICAL DESCRIPTION
Extent 332 صفحة؛
Other physical details إيضاحات ؛
Dimensions 24 سم
504 ## - BIBLIOGRAPHY, ETC. NOTE
Bibliography, etc. note المراجع ص.325
520 ## - SUMMARY, ETC.
Summary, etc. ما هية ادارة الجودة الشاملة، ادارة الجودة الشاملة والتغيير، تنظيم ادارة الجودة الشاملة، التركيز على العميل، القيادة، الادارة الاستراتيجية للجودة، الموارد البشرية في ادارة الجودة الشاملة، العلاقات بين الموردين، تكاليف الجودة، التحسين المستمر، تطبيق ادارة الجودة الشاملة، الضبط الاحصائي للجودة، جوائز ادارة الجودة الشاملة، أنظمة الجودة.
653 ## - INDEX TERM--UNCONTROLLED
Uncontrolled term إدارة الأعمال
653 ## - INDEX TERM--UNCONTROLLED
Uncontrolled term إدارة الجودة
653 ## - INDEX TERM--UNCONTROLLED
Uncontrolled term إدارة الجودة الشاملة
942 ## - ADDED ENTRY ELEMENTS (KOHA)
Koha item type كتب

لا توجد مواد متاحة.

موارد الويب المفتوحة


© University of Algiers 3 All Rights Reserved
|
Implemented by LECHELAH Riad